banner koha

Flora das cangas da Serra dos Carajás, Pará, Brasil: Moraceae (Registro n. 332081)

MARC details
000 -LÍDER
fixed length control field 01624nab a2200253 i 4500
003 - CÓDIGO MARC DA AGÊNCIA CATALOGADORA
Campo de controle BR-BrBNA
005 - DATA E HORA DA ÚLTIMA ATUALIZAÇÃO
Campo de controle 20250616130845.0
008 - CAMPO DE TAMANHO FIXO
fixed length control field 250616b2018 bl.qr|pooa||| 00| 0 por |
040 ## - FONTE DA CATALOGAÇÃO
Agência catalogadora BR-BrBNA
Idioma da catalogação por
072 ## - CATEGORIA AGRIS
Código AGRIS F70
100 ## - ENTRADA PRINCIPAL - NOME PESSOAL
Nome pessoal Romaniuc-Neto, Sergio
100 ## - ENTRADA PRINCIPAL - NOME PESSOAL
Nome pessoal Pederneiras, Leandro Cardoso
100 ## - ENTRADA PRINCIPAL - NOME PESSOAL
Nome pessoal Gaglioti, André Luiz
245 ## - TÍTULO PRINCIPAL
Título principal Flora das cangas da Serra dos Carajás, Pará, Brasil: Moraceae
500 ## - NOTA GERAL
Nota geral Publicação on-line; 11 ref.; 1 illus.; Summaries (En, Pt)
942 ## - ADDED ENTRY ELEMENTS (KOHA)
Koha item type Analítica
520 ## - NOTA DE RESUMO
Nota de conteúdo <br/><br/>Resumo<br/><br/>Este trabalho compreende um tratamento para Moraceae nas cangas da Serra dos Carajás, no estado do Pará. <br/>São apresentados descrição, fotografia e comentário para Ficus americana subsp. guianensis, a única espécie<br/>registrada na área de cangas.<br/><br/>Palavras-chave: clado urticóide, FLONA Carajás, taxonomia, Urticineae.<br/><br/><br/><br/><br/>Abstract<br/><br/>This paper encompasses a treatment for the Moraceae registered for the canga of Serra dos Carajás, Pará state.<br/>Description, photo and comments on Ficus americana subsp. guianensis are presented, the only species of<br/>the family recorded in the canga vegetation.<br/><br/>Key words: urticalean clade, FLONA Carajás, taxonomy, Urticineae.
650 ## - ASSUNTO - THESAGRO
Cabeçalho tópico ou nome geográfico CARAJÁS
650 ## - ASSUNTO - THESAGRO
Cabeçalho tópico ou nome geográfico TAXONOMIA
650 ## - ASSUNTO - THESAGRO
Cabeçalho tópico ou nome geográfico MORACEAE
773 0# - ENTRADA ANALÍTICA
Host Biblionumber 709
Registro do item 350966
Imprenta Rio de Janeiro-RJ Jardim Botanico do Rio de Janeiro 1935
Outro identificador 2025-3590
Título Rodriguésia (Brazil)
ISSN 0370-6583; 2175-7860 on-line
Colação v. 69(3) p. 1255-1257; (2018)
Número de controle de registro BR2025003140
856 ## - ACESSO E ENDEREÇO ELETRÔNICO
Identificador uniforme de recurso - URI https://www.scielo.br/j/rod/a/5FVPBrC3dPrdpcqgr5pwJTh/?format=pdf&lang=pt

Nenhum exemplar disponível.

BINAGRI

Telefone: (61)3218-2567/2388/3357/2097 - binagri@agro.gov.br

Ministério da Agricultura e Pecuária , Esplanada dos Ministérios, Bloco D, Anexo B, Brasília/DF, CEP: 70.043-900